000 00444nam a2200193Ia 4500
005 20240823035643.0
008 240823s9999||||xx |||||||||||||| ||und||
020 _a978-0-143-41915-0
041 _aENGLISH
082 _A823.914 Q3
100 _aShammeer & Chandru
245 0 _aYou Stole my Song
250 _a1st
260 _c2013
_b"Penguin Books,En"
500 _aYES
650 _aNovel
_bEnglish
942 _cBK
999 _c201200
_d201200